Evolución de la deuda publica distrito capital : (Registro nro. 12814)
[ vista simple ]
| 000 -LEADER | |
|---|---|
| fixed length control field | 01605nam a2200217Ia 4500 |
| 003 - CONTROL NUMBER IDENTIFIER | |
| control field | OSt |
| 005 - DATE AND TIME OF LATEST TRANSACTION | |
| control field | 20221209141800.0 |
| 008 - FIXED-LENGTH DATA ELEMENTS--GENERAL INFORMATION | |
| fixed length control field | 210310s1996 ck ad gr 000 0 spa d |
| 040 ## - CATALOGING SOURCE | |
| Original cataloging agency | CO-JMCR |
| Transcribing agency | CO-JMCR |
| 041 0# - LANGUAGE CODE | |
| Language code of text/sound track or separate title | spa |
| 082 04 - DEWEY DECIMAL CLASSIFICATION NUMBER | |
| Classification number | 336.343186148 / |
| Item number | C718e |
| Edition number | 23 |
| 110 2# - MAIN ENTRY--CORPORATE NAME | |
| Corporate name or jurisdiction name as entry element | Colombia. |
| Subordinate unit | Contraloría de Bogotá |
| 9 (RLIN) | 41906 |
| 245 #0 - TITLE STATEMENT | |
| Title | Evolución de la deuda publica distrito capital : |
| Remainder of title | 1986-1995 / |
| Statement of responsibility, etc. | Contraloría de Santafé de Bogotá D.C. |
| 260 ## - PUBLICATION, DISTRIBUTION, ETC. | |
| Place of publication, distribution, etc. | Bogotá : |
| Name of publisher, distributor, etc. | Contraloría de Santafé de Bogotá, |
| Date of publication, distribution, etc. | 1996. |
| 300 ## - PHYSICAL DESCRIPTION | |
| Extent | 129 páginas : |
| Other physical details | ilustraciones y gráficas a blanco y negro ; |
| Dimensions | 27 cm. |
| 505 0# - FORMATTED CONTENTS NOTE | |
| Formatted contents note | Evolución saldo de la deuda publica del distrito capital 1986-1995 -- Evolución limite de endeudamiento 1986-1995 |
| 520 0# - SUMMARY, ETC. | |
| Summary, etc. | Somos una entidad de servicio público de carácter técnico, dotada de autonomía administrativa y presupuestal que, con fundamento en las fuentes normativas, vigilamos y evaluamos la gestión fiscal de quienes manejan la Hacienda Pública Distrital.<br/>Nuestros servicios se caracterizan por ser fundamentados, claros, sencillos, exactos y oportunos.<br/>Nuestra meta es consolidarnos como la primera entidad de control fiscal y ser un ejemplo de la prestación del servicio público, eficaz y eficiente, manteniendo un alto grado de credibilidad. y respeto por parte de la comunidad donde actuamos, propiciando de esta manera un mejoramiento de la gestión de la administración presente y futura en beneficio del progreso colectivo |
| 650 14 - SUBJECT ADDED ENTRY--TOPICAL TERM | |
| Topical term or geographic name entry element | Deuda publica |
| Chronological subdivision | 1986-1995 |
| 9 (RLIN) | 29290 |
| 650 24 - SUBJECT ADDED ENTRY--TOPICAL TERM | |
| Topical term or geographic name entry element | Administración |
| Form subdivision | Deuda publica |
| Chronological subdivision | 1986-1995 |
| 9 (RLIN) | 41907 |
| 942 ## - ADDED ENTRY ELEMENTS (KOHA) | |
| Source of classification or shelving scheme | Dewey Decimal Classification |
| Koha item type | Books |
| Withdrawn status | Lost status | Source of classification or shelving scheme | Damaged status | Not for loan | Home library | Current library | Shelving location | Date acquired | Source of acquisition | Full call number | Barcode | Date last seen | Copy number | Price effective from | Koha item type |
|---|---|---|---|---|---|---|---|---|---|---|---|---|---|---|---|
| Dewey Decimal Classification | Biblioteca Pública José María del Castillo y Rada | Biblioteca Pública José María del Castillo y Rada | Processing Center | 04/15/2018 | Donación | 336.343186148 / C718e | 430004273 | 05/16/2024 | Ej.1 | 03/10/2021 | Books |